[Event "De Verteuil Memorial 27th"]
[Site "Port of Spain"]
[Date "2019.10.31"]
[Round "2"]
[White "Maynard, David"]
[Black "Noel, Roderick"]
[Result "0-1"]
[WhiteElo "1537"]
[BlackElo "1809"]
[PlyCount "77"]
[EventDate "2019.10.24"]
[EventType "swiss"]
[EventRounds "7"]
[EventCountry "TRI"]
[SourceTitle "CBM 195 Extra"]
[Source "ChessBase"]
[SourceDate "2020.05.31"]
[SourceVersion "1"]
[SourceVersionDate "2020.05.31"]
[SourceQuality "1"]

1. e4 e6 2. d3 d5 3. Nd2 c5 4. g3 Nc6 5. Bg2 Nge7 6. Ngf3 Ng6 7. 0-0 Be7 8. Re1 Qc7 9. Nf1 0-0 10. exd5 exd5 11. Ng5 Qd8 12. Qh5 Bxg5 13. Bxg5 Qd6 14. c3 Nce5 15. Qe2 Bg4 16. f3 Be6 17. f4 Nc6 18. Qh5 d4 19. Nd2 dxc3 20. bxc3 f5 21. Re3 Bf7 22. Qh3 Rae8 23. Rae1 Rxe3 24. Rxe3 Bxa2 25. c4 Qd4 26. Bd5+ Kh8 27. Nf1 Nb4 28. Kh1 Nxd3 29. Qg2 Bxc4 30. Bxb7 a5 31. Qe2 Nb4 32. Qe1 Bxf1 33. Re7 Bc4 34. Rc7 Bd5+ 35. Bxd5 Qxd5+ 36. Kg1 Qd6 37. Ra7 Qd4+ 38. Kh1 Nd3 39. Kg2 0-1

[Event "De Verteuil Memorial 26th"]
[Site "Port of Spain"]
[Date "2018.11.15"]
[Round "7"]
[White "Rambally, Eon"]
[Black "Maynard, David"]
[Result "1/2-1/2"]
[WhiteElo "1211"]
[BlackElo "1554"]
[PlyCount "78"]
[EventDate "2018.10.04"]
[EventType "swiss"]
[EventRounds "7"]
[EventCountry "TRI"]
[SourceTitle "CBM 187 Extra"]
[Source "ChessBase"]
[SourceDate "2018.11.04"]
[SourceVersion "1"]
[SourceVersionDate "2018.11.04"]
[SourceQuality "1"]

1. f4 d5 2. d3 Nf6 3. Bd2 e6 4. Nc3 c6 5. e4 dxe4 6. dxe4 Qb6 7. e5 Nd5 8. Nxd5 cxd5 9. Bc3 Qe3+ 10. Ne2 Nc6 11. Qd3 Qxd3 12. cxd3 Be7 13. Nd4 Nxd4 14. Bxd4 Bb4+ 15. Kf2 Bd2 16. Be3 Bxe3+ 17. Kxe3 Bd7 18. Rc1 Bc6 19. b4 0-0 20. d4 Rac8 21. b5 Bd7 22. Bd3 b6 23. Rxc8 Rxc8 24. Kd2 g6 25. Rc1 Rxc1 26. Kxc1 Kf8 27. g4 Ke7 28. g5 Be8 29. Kb2 Kd8 30. Kb3 Kc7 31. Kb4 Kb7 32. a4 Bd7 33. h4 Be8 34. a5 Kc7 35. Be2 Kb7 36. h5 Kc7 37. h6 Bd7 38. Bd3 Be8 39. Be2 Bd7 1/2-1/2

[Event "De Verteuil Memorial 26th"]
[Site "Port of Spain"]
[Date "2018.11.01"]
[Round "5"]
[White "Maynard, David"]
[Black "Lee, Courtney"]
[Result "0-1"]
[WhiteElo "1554"]
[BlackElo "1777"]
[PlyCount "88"]
[EventDate "2018.10.04"]
[EventType "swiss"]
[EventRounds "7"]
[EventCountry "TRI"]
[SourceTitle "CBM 187 Extra"]
[Source "ChessBase"]
[SourceDate "2018.11.04"]
[SourceVersion "1"]
[SourceVersionDate "2018.11.04"]
[SourceQuality "1"]

1. e4 e6 2. d3 d5 3. Nd2 Nf6 4. Ngf3 dxe4 5. dxe4 Bc5 6. Bd3 Nc6 7. 0-0 e5 8. Qe1 Bg4 9. Bb5 Qe7 10. h3 Bd7 11. a3 a6 12. Bd3 0-0 13. Nb3 Bd6 14. Bg5 Nd8 15. Rc1 Ne6 16. Be3 c5 17. Na5 b5 18. c4 Rab8 19. cxb5 axb5 20. Bb1 Rfc8 21. Qd2 c4 22. Rfd1 Bc7 23. b4 Rd8 24. Qc3 Nf4 25. Bc5 Qxc5 26. Rd2 Qe7 27. Rcd1 Ng6 28. Ng5 h6 29. Nf3 Rb6 30. Qe3 Rbb8 31. Bc2 Bb6 32. Qe2 Bxa5 33. bxa5 Qxa3 34. Rd6 Qxa5 35. Qe3 b4 36. Rxf6 gxf6 37. Qxh6 Be8 38. h4 Rxd1+ 39. Kh2 Rd6 40. h5 Qc7 41. Qe3 b3 42. Bb1 c3 43. Ng1 c2 44. Qg3 cxb1Q 0-1

[Event "De Verteuil Memorial 26th"]
[Site "Port of Spain"]
[Date "2018.10.18"]
[Round "3"]
[White "Maynard, David"]
[Black "Seaforth, Sylvan"]
[Result "1-0"]
[WhiteElo "1554"]
[BlackElo "1720"]
[PlyCount "53"]
[EventDate "2018.10.04"]
[EventType "swiss"]
[EventRounds "7"]
[EventCountry "TRI"]
[SourceTitle "CBM 187 Extra"]
[Source "ChessBase"]
[SourceDate "2018.11.04"]
[SourceVersion "1"]
[SourceVersionDate "2018.11.04"]
[SourceQuality "1"]

1. Nf3 c5 2. g3 d5 3. d3 Nf6 4. Bg2 Nc6 5. Nbd2 e5 6. e4 d4 7. 0-0 Bd6 8. a3 a5 9. Nc4 h6 10. Nxd6+ Qxd6 11. Nh4 Ne7 12. f4 Bg4 13. Qe1 0-0 14. fxe5 Qxe5 15. Nf3 Qe6 16. Rf2 Bh3 17. Qe2 Bxg2 18. Rxg2 Rae8 19. Bd2 b6 20. Nh4 Ng4 21. Re1 Ne5 22. g4 N5g6 23. Nf5 Qe5 24. Qf2 Kh7 25. Rg3 Ng8 26. Rh3 Re6 27. g5 1-0

[Event "Port of Spain Knights op 45th"]
[Site "Port of Spain"]
[Date "2018.04.12"]
[Round "2"]
[White "Johnson, Chaya"]
[Black "Maynard, David"]
[Result "0-1"]
[WhiteElo "1175"]
[BlackElo "1617"]
[PlyCount "100"]
[EventDate "2018.04.05"]
[EventType "swiss"]
[EventRounds "7"]
[EventCountry "TRI"]
[SourceTitle "CBM 184 Extra"]
[Source "ChessBase"]
[SourceDate "2018.06.28"]
[SourceVersion "1"]
[SourceVersionDate "2018.06.28"]
[SourceQuality "1"]

1. e4 d5 2. d3 dxe4 3. dxe4 Qxd1+ 4. Kxd1 e5 5. Nf3 Bg4 6. Ke2 Nc6 7. b3 0-0-0 8. Be3 Nf6 9. h3 Bh5 10. g4 Bg6 11. Nc3 Bb4 12. Nb5 Kb8 13. c3 Ba5 14. b4 Bb6 15. Ke1 Bxe3 16. fxe3 Bxe4 17. Bg2 Rd7 18. Kf2 Rhd8 19. Rhe1 a6 20. a4 Rd3 21. Ng5 Rd2+ 22. Re2 Rxe2+ 23. Kxe2 Bxg2 24. Nxf7 Rd7 25. Rg1 Bd5 26. g5 Ne8 27. Nxe5 Nxe5 28. Nd4 Bc4+ 29. Kf2 Rf7+ 30. Kg3 Nd6 31. Kh4 Nf5+ 32. Nxf5 Nf3+ 33. Kh5 Nxg1 34. Nh4 Be2+ 35. Nf3 Bxf3+ 36. Kh4 Ne2 37. g6 hxg6 38. b5 Nxc3 39. bxa6 bxa6 40. a5 Nb5 41. e4 c5 42. Kg3 Bxe4 43. Kg4 c4 44. Kg5 c3 45. h4 c2 46. h5 c1Q+ 47. Kg4 Qf4+ 48. Kh3 Qf3+ 49. Kh4 Rf4+ 50. Kg5 Qg4# 0-1

[Event "Port of Spain op 44th"]
[Site "Port of Spain"]
[Date "2017.05.25"]
[Round "6"]
[White "Flower, Trevor"]
[Black "Maynard, David"]
[Result "1-0"]
[WhiteElo "1690"]
[BlackElo "1582"]
[PlyCount "99"]
[EventDate "2017.04.20"]
[EventType "swiss"]
[EventRounds "7"]
[EventCountry "TRI"]
[SourceTitle "EXT 2018"]
[Source "ChessBase"]
[SourceDate "2017.10.13"]
[SourceVersion "1"]
[SourceVersionDate "2017.10.13"]
[SourceQuality "1"]

1. f4 d5 2. Nf3 Nf6 3. e3 g6 4. d4 Bg7 5. Be2 Bf5 6. 0-0 Nbd7 7. Ne5 c6 8. Nd2 0-0 9. g4 Be4 10. g5 Ne8 11. Nxe4 dxe4 12. c3 Nd6 13. Ng4 Nf5 14. Nf2 Nd6 15. Qc2 e6 16. Nxe4 Nxe4 17. Qxe4 Re8 18. Bd2 Rc8 19. Rad1 Nb6 20. h4 Rc7 21. h5 Qd5 22. Qc2 Qf5 23. e4 Qa5 24. Kf2 c5 25. Be3 cxd4 26. Bxd4 Bxd4+ 27. Rxd4 Qc5 28. Qd2 Rd7 29. Kg3 Rxd4 30. cxd4 Qd6 31. h6 e5 32. fxe5 Rxe5 33. Qf4 Rxg5+ 34. Kh4 Qxf4+ 35. Rxf4 Ra5 36. a3 Ra4 37. e5 Nd5 38. Re4 Nc7 39. Bd1 Ra5 40. a4 Kf8 41. b4 Ra6 42. Bb3 Ke7 43. b5 Rb6 44. d5 Nxb5 45. axb5 Rxb5 46. d6+ Kd8 47. Bxf7 a5 48. Kg5 Rb2 49. Kf6 b5 50. e6 1-0

[Event "De Verteuil Memorial 24th"]
[Site "Port of Spain"]
[Date "2016.10.20"]
[Round "3"]
[White "Maynard, David"]
[Black "Inkim, Matthew"]
[Result "1-0"]
[WhiteElo "1607"]
[BlackElo "1530"]
[PlyCount "59"]
[EventDate "2016.10.06"]
[EventType "swiss"]
[EventRounds "7"]
[EventCountry "TRI"]
[SourceTitle "EXT 2018"]
[Source "ChessBase"]
[SourceDate "2017.10.13"]
[SourceVersion "1"]
[SourceVersionDate "2017.10.13"]
[SourceQuality "1"]

1. e4 e5 2. Nf3 Nc6 3. Bb5 Bc5 4. 0-0 Nge7 5. c3 a6 6. Ba4 b5 7. Bc2 d6 8. h3 Bb7 9. d4 Ba7 10. d5 Nb8 11. a4 c6 12. c4 Nd7 13. b4 bxc4 14. dxc6 Bxc6 15. Qxd6 Bd5 16. Nxe5 Be6 17. Nc6 Nxc6 18. Qxc6 0-0 19. Qd6 Qf6 20. Ra3 Bb8 21. Qd2 h6 22. f4 Rd8 23. Qe2 Nf8 24. e5 Qe7 25. f5 Bd5 26. Be4 Bc7 27. Rg3 Re8 28. Rxg7+ Kh8 29. Qg4 Bb6+ 30. Kh2 1-0

[Event "Port of Spain op"]
[Site "Port of Spain"]
[Date "2016.07.30"]
[Round "2"]
[White "Lee, Cecil"]
[Black "Maynard, David"]
[Result "1-0"]
[WhiteElo "1863"]
[BlackElo "1601"]
[PlyCount "57"]
[EventDate "2016.07.29"]
[EventType "swiss"]
[EventRounds "9"]
[EventCountry "TRI"]
[SourceTitle "EXT 2017"]
[Source "ChessBase"]
[SourceDate "2016.10.25"]
[SourceVersion "1"]
[SourceVersionDate "2016.10.25"]
[SourceQuality "1"]

1. c4 e5 2. Nc3 Nf6 3. Nf3 Nc6 4. d4 exd4 5. Nxd4 d5 6. cxd5 Nxd5 7. Nxc6 bxc6 8. e4 Nxc3 9. Qxd8+ Kxd8 10. bxc3 Bd6 11. Bc4 f6 12. 0-0 Re8 13. Bd3 Be5 14. Bd2 Ke7 15. f4 Bd6 16. Be3 Be6 17. c4 Kf7 18. e5 Be7 19. f5 Bc8 20. e6+ Kf8 21. Be4 Rd8 22. Bxc6 Rb8 23. Rab1 Ba6 24. Bxa7 Rb4 25. Rxb4 Bxb4 26. Rb1 Bc3 27. Bc5+ Rd6 28. Rb8+ Ke7 29. Re8# 1-0

[Event "Port of Spain Knights op"]
[Site "Port of Spain"]
[Date "2015.05.28"]
[Round "7"]
[White "Maynard, David"]
[Black "Ramon Fortune, Arnold"]
[Result "0-1"]
[WhiteElo "1741"]
[BlackElo "1678"]
[PlyCount "80"]
[EventDate "2015.04.16"]
[EventType "swiss"]
[EventRounds "7"]
[EventCountry "TRI"]
[SourceTitle "EXT 2023"]
[Source "ChessBase"]
[SourceDate "2022.10.05"]
[SourceVersion "1"]
[SourceVersionDate "2022.10.05"]
[SourceQuality "1"]

1. e4 c5 2. Nf3 Nc6 3. d3 e5 4. g3 d6 5. Bg2 h6 6. Nbd2 g5 7. 0-0 Bg7 8. Re1 Nge7 9. Nf1 Be6 10. h4 gxh4 11. Nxh4 Qd7 12. c3 0-0-0 13. c4 Rdf8 14. Ne3 Bf6 15. Nf3 Nd4 16. Nxd4 cxd4 17. Nd5 Nxd5 18. cxd5 Bh3 19. Qc2+ Kb8 20. Bd2 Bxg2 21. Kxg2 h5 22. f3 h4 23. g4 h3+ 24. Kh2 Rc8 25. Qb3 Qe7 26. a4 Bg5 27. Qd1 Qf6 28. Re2 Bf4+ 29. Kh1 h2 30. Rg2 Qg5 31. b4 Rh3 32. b5 Bxd2 33. Rxd2 Qf4 34. Rf2 Rg3 35. Rxh2 Rxf3 36. Qg1 Rg3 37. Qf1 Qxg4 38. Qxf7 Rg8 39. Qf2 Rxd3 40. Qf1 Qxe4+ 0-1

[Event "Port of Spain Knights op"]
[Site "Port of Spain"]
[Date "2015.04.23"]
[Round "2"]
[White "Maynard, David"]
[Black "Ramos Caldera, Cesar"]
[Result "0-1"]
[WhiteElo "1741"]
[BlackElo "2016"]
[PlyCount "102"]
[EventDate "2015.04.16"]
[EventType "swiss"]
[EventRounds "7"]
[EventCountry "TRI"]
[SourceTitle "EXT 2016"]
[Source "ChessBase"]
[SourceDate "2015.10.08"]
[SourceVersion "1"]
[SourceVersionDate "2015.10.08"]
[SourceQuality "1"]

1. e4 e5 2. Nf3 Nf6 3. Nxe5 d6 4. Nf3 Nxe4 5. Nc3 Nf6 6. d4 Be7 7. Bd3 0-0 8. 0-0 Bg4 9. Re1 Nbd7 10. Ne4 Re8 11. h3 Bh5 12. Ng3 Bg6 13. Nf5 Nf8 14. c4 Qd7 15. Qc2 Kh8 16. Bd2 Ng8 17. Bg5 Bxg5 18. Nxg5 Nf6 19. Ng3 Re7 20. Nf5 Rxe1+ 21. Rxe1 Re8 22. Rxe8 Qxe8 23. Kf1 h6 24. Nf3 Ne6 25. N3h4 Bh7 26. Nf3 Nf4 27. Qd2 g5 28. Ne1 Nxd3 29. Qxd3 Qe6 30. g4 d5 31. Qf3 c6 32. c5 Ne4 33. Qe2 Bxf5 34. gxf5 Qxf5 35. Nf3 Qxh3+ 36. Kg1 Qg4+ 37. Kf1 Qxf3 38. Qxf3 Nd2+ 39. Ke2 Nxf3 40. Kxf3 Kg7 41. b4 Kg6 42. a4 a6 43. b5 axb5 44. axb5 Kf5 45. Ke3 h5 46. bxc6 bxc6 47. Kd3 h4 48. Kc3 h3 49. Kb4 Ke6 50. Ka5 h2 51. Kb6 Kd7 0-1